|
|
|
|
| LEADER |
01388nam a22003852i 4500 |
| 001 |
001715105 |
| 003 |
CZ BrMZK |
| 005 |
20191219132113.0 |
| 007 |
ta |
| 008 |
191105s1951 xr er|||||||||||cze d |
| 015 |
|
|
|a cnb000502933
|
| 020 |
|
|
|q (Brož.)
|
| 035 |
|
|
|a (OCoLC)85305275
|
| 040 |
|
|
|a ABA001
|b cze
|c BOA001
|d ABA001
|d OPE301
|e rda
|d BOA001
|
| 041 |
1 |
|
|a cze
|h rus
|
| 100 |
1 |
|
|a Rossijskij, Nikolaj
|7 jn20000402134
|4 aut
|
| 245 |
1 |
0 |
|a Kolektivní organisace stachanovské práce /
|c N.A. Rossijskij ; [z ruského originálu ... přeložil Evžen Sinkarževský]
|
| 250 |
|
|
|a Vydání první
|
| 264 |
|
1 |
|a Praha :
|b Práce,
|c 1951
|
| 300 |
|
|
|a 23 s. ;
|c 8°
|
| 336 |
|
|
|a text
|b txt
|2 rdacontent
|
| 337 |
|
|
|a bez média
|b n
|2 rdamedia
|
| 338 |
|
|
|a svazek
|b nc
|2 rdacarrier
|
| 490 |
1 |
|
|a Knižnice socialistického hospodářství ;
|v sv. 10
|
| 650 |
0 |
7 |
|a socialistické soutěžení
|7 ph832275
|2 czenas
|
| 650 |
0 |
7 |
|a instituce a organizace
|7 ph114779
|2 czenas
|
| 653 |
0 |
|
|a stachanovské hnutí
|
| 655 |
|
7 |
|a pojednání
|7 fd133056
|2 czenas
|
| 700 |
1 |
|
|a Sinkarževský, Evžen
|4 trl
|
| 765 |
0 |
|
|t Kollektivnaja organizacija stachanovskogo truda
|9 Česky
|
| 830 |
|
0 |
|a Knižnice socialistického hospodářství
|
| 910 |
|
|
|a BOA001
|b X-0269.015
|
| 990 |
|
|
|a BK
|
| 991 |
|
|
|b 201911
|
| 996 |
6 |
|
|b 2618820980
|c X-0269.015
|l MZK
|r Sklad / do 24 hodin
|n 0
|w 001765553
|u 000010
|a 1
|e BOA001
|j MZK50
|s P
|